| 000 | 00837nam a2200253Ia 4500 | ||
|---|---|---|---|
| 003 | OSt | ||
| 005 | 20220918171237.0 | ||
| 006 | a|||||r|||| 00| 0 | ||
| 007 | ta | ||
| 008 | 220917b |||||||| |||| 00| 0 eng d | ||
| 020 |
_a9781442249929 (hbk) _cUKP 65.00 |
||
| 024 | _a324,588 | ||
| 037 |
_b13507, 08/03/2018, Elite Publishers Distributors _cTextual |
||
| 040 |
_aARTS _cARTS _beng |
||
| 041 |
_2eng _aeng |
||
| 082 | _a2:(B28), Q6 | ||
| 100 |
_aFriedman Alon Au. _935051 |
||
| 245 | 0 | _aStatistics for library and information services | |
| 260 |
_aLanham _bRowman and Littlefield Maryland _c2016 |
||
| 300 |
_axvi,355p. _ccm. |
||
| 650 |
_aLIBRARY SCIENCE; STATISTICS _935052 |
||
| 942 |
_h2:(B28), Q6 _cTEXL _2CC |
||
| 999 |
_c138554 _d138554 |
||